000 00363nam a22001457a 4500
008 230907b ||||| |||| 00| 0 eng d
020 _a9780521224306
041 _aeng
080 _a94
082 _a94CAN
100 _a28
101 _aHIST
245 _aCONCEPTIONS OF ETHER STUDIES IN THE HISTORY OF ETHER THEORIES 1740-1900
_cCANTOR.N.C
942 _2udc
_cBK
999 _c60268
_d60268